Guía de prácticas de enseñanza: orientaciones para los alumnos de escuelas de formación del profesorado

Salvato in:
Dettagli Bibliografici
Autore principale: Martínez Sánchez, Amparo (autora)
Natura: Libro
Lingua:spagnolo
Pubblicazione: Madrid Narcea 1981
Edizione:3a. ed
Serie:Apuntes I.E.P.S., 9
Soggetti:
Tags: Aggiungi Tag
Nessun Tag, puoi essere il primo ad aggiungerne!!

MARC

LEADER 00000nam a2200000 a 4500
001 UCZ7475
003 CL-VaPUC
008 960105e19810000SP |||||||||||||||||spa|d
082 0 4 |a 370.733  |b MAR  |2 21 
100 |a Martínez Sánchez, Amparo  |e autora  |9 352368 
245 1 0 |a Guía de prácticas de enseñanza: orientaciones para los alumnos de escuelas de formación del profesorado 
250 |a 3a. ed 
300 |a 53 p 
942 |c BK 
945 |d 19960105 00:00:00  |a cmena 
260 |a Madrid  |b Narcea  |c 1981 
650 0 |a Capacitación docente  |9 312871 
650 0 |a Métodos de enseñanza  |9 270413 
650 0 |a Evaluación de la educación   |9 237505 
650 7 |a TESTS DE PROGRESO ESCOLAR  |2 CL-VaPUC  |9 339860 
650 0 |a Planificación de la educación   |9 307333 
650 0 |a Docentes  |9 311365 
583 |a last modification  |c 19960105 00:00:00  |k Rodrigo Vera 
490 0 |a Apuntes I.E.P.S., 9 
999 |c 243547  |d 243545 
952 |0 0  |1 0  |4 0  |6 370_733000000000000_MAR_1981  |7 0  |8 A  |9 257222  |a BIBEDU  |b BIBEDU  |d 2019-11-19  |i 1612042  |o 370.733 MAR 1981  |p 1612042  |r 2019-11-19  |w 2019-11-19  |y BK  |k EDU